Name Female Kpop Idols (2025) - Statistics

General Stats
  • This quiz has been taken 493 times
  • The average score is 77 of 129
Answer Stats
Answer % Correct
Lisa
99%
Jisoo
98%
Jennie
98%
Rosé
98%
Momo
92%
Karina
91%
Kim Chaewon
91%
Kim ChaeWon
91%
Sakura
91%
Winter
91%
Giselle
90%
Jang Wonyoung
90%
Nayeon
90%
Ningning
90%
Sana
89%
Yuna
89%
Mina
88%
Tzuyu
87%
Danielle
86%
Jihyo
86%
Kazuha
86%
Dahyun
85%
Hong Eunchae
85%
Huh Yunjin
85%
Seo DaHyun
85%
Minnie
84%
Yeji
84%
An Yujin
83%
Chaeyoung
83%
Hanni
83%
Lia
83%
Soyeon
83%
Liz
82%
Ryujin
82%
Minji
81%
Ahyeon
80%
Irene
80%
Rei
80%
Shuhua
80%
Wonhee
80%
Yuqi
80%
Jeongyeon
79%
Lily
79%
Miyeon
79%
Chiquita
78%
Minju
78%
Chaeryeong
77%
Haerin
77%
Joy
77%
Leeseo
77%
Moka
77%
Natty
77%
Seulgi
77%
Asa
76%
Gaeul
76%
Hyein
76%
Wendy
76%
Belle
74%
Iroha
73%
Julie
72%
Pharita
72%
Yeri
72%
Rami
71%
Sullyoon
71%
Bae
70%
Rora
70%
Ruka
70%
Jiwoo
69%
Lee JiWoo
69%
Yunah
69%
Haewon
68%
Yuri
64%
Haneul
63%
Kyujin
62%
Chaeyeon
60%
Kim ChaeYeon
60%
Yena
60%
Chuu
59%
Eunbi
55%
Hitomi
46%
Yves
46%
Nako
43%
Kim Lip
40%
Hyewon
39%
Choerry
38%
HyunJin
38%
ViVi
37%
Carmen
36%
Ian
35%
Dami
34%
HeeJin
34%
Ye-on
34%
HyeJu
33%
JinSoul
33%
Stella
30%
YeoJin
30%
Go Won
29%
HaSeul
28%
JiU
26%
SuA
26%
Xinyu
26%
A-na
25%
Kotone
25%
Kim NaKyoung
24%
Kim YooYeon
24%
Park SoHyun
23%
Jeong HyeRin
22%
Kaede
22%
Gahyun
21%
Handong
21%
Juun
20%
Mayu
20%
Siyeon
20%
Yoohyeon
20%
Yoon SeoYeon
20%
Yuha
20%
Nien
19%
Sullin
18%
Gong YuBin
17%
JiYeon
17%
Kim SooMin
17%
Lynn
17%
SeoAh
17%
Jeong HaYeon
16%
JooBin
16%
Kwak YeonJi
16%
Park ShiOn
15%
No matching quizzes found
Score Distribution
Percent of People with Each Score
Percentile by Number Answered
Your Score History
You have not taken this quiz